[Event "GER-ch Net blitz sf"]
[Site "Playchess.com INT"]
[Date "2021.06.05"]
[Round "11"]
[White "Bashylina, Luisa"]
[Black "Kull, Florian"]
[Result "1-0"]
[WhiteElo "1956"]
[BlackElo "2087"]
[PlyCount "65"]
[EventDate "2021.06.05"]
[EventType "swiss (blitz)"]
[EventRounds "13"]
[EventCountry "GER"]
[SourceTitle "EXT 2023"]
[Source "ChessBase"]
[SourceDate "2022.10.05"]
[SourceVersion "1"]
[SourceVersionDate "2022.10.05"]
[SourceQuality "1"]

1. d4 Nf6 2. c4 e6 3. Nc3 Bb4 4. Qc2 0-0 5. Bg5 d5 6. a3 Bxc3+ 7. Qxc3 dxc4 8. Qxc4 b6 9. Nf3 Ba6 10. Qa4 h6 11. Bh4 Qd7 12. Qc2 Nc6 13. Rd1 Rac8 14. Qa4 Nb8 15. Qc2 Nc6 16. Bxf6 gxf6 17. g3 Bb7 18. Bg2 Ne7 19. 0-0 Ng6 20. e4 Kg7 21. Rfe1 Rfd8 22. h4 Qb5 23. b4 a5 24. Qb2 axb4 25. axb4 Ra8 26. Bf1 Qa4 27. h5 Ne7 28. Nh4 Qa2 29. Qc3 Rdc8 30. Qf3 Ra3 31. Qg4+ Kh7 32. Bd3 e5 33. d5 1-0

[Event "GER-ch Net blitz sf"]
[Site "Playchess.com INT"]
[Date "2021.06.05"]
[Round "4"]
[White "Hohlbein, Michael"]
[Black "Kull, Florian"]
[Result "1-0"]
[WhiteElo "1912"]
[BlackElo "2087"]
[PlyCount "85"]
[EventDate "2021.06.05"]
[EventType "swiss (blitz)"]
[EventRounds "13"]
[EventCountry "GER"]
[SourceTitle "EXT 2023"]
[Source "ChessBase"]
[SourceDate "2022.10.05"]
[SourceVersion "1"]
[SourceVersionDate "2022.10.05"]
[SourceQuality "1"]

1. e4 e6 2. Nf3 d5 3. e5 c5 4. b4 cxb4 5. a3 Nc6 6. axb4 Bxb4 7. c3 Bf8 8. d4 a6 9. Bd3 Bd7 10. 0-0 Na7 11. Na3 Bxa3 12. Bxa3 Bb5 13. g3 Bxd3 14. Qxd3 Nb5 15. Bb4 Ne7 16. Ng5 h6 17. Nh3 0-0 18. Nf4 Re8 19. h4 Nc6 20. Bc5 b6 21. Ba3 Nxa3 22. Rxa3 Na5 23. Qf3 Nc4 24. Rb3 a5 25. Nh5 Rf8 26. Qg4 g6 27. Nf6+ Kg7 28. Nh5+ Kh7 29. Nf6+ Kg7 30. Qd1 a4 31. Rb1 a3 32. h5 a2 33. Ra1 Ra3 34. Qc1 Qa8 35. Ng4 g5 36. f4 Qa5 37. Rf3 Rxc3 38. Rxc3 b5 39. fxg5 b4 40. gxh6+ Kh8 41. Qg5 Rg8 42. Qf6+ Kh7 43. Qxf7+ 1-0

[Event "GER-ch Net blitz sf"]
[Site "Playchess.com INT"]
[Date "2021.06.05"]
[Round "7"]
[White "Kull, Florian"]
[Black "Burkart, Lloyd Shang"]
[Result "1-0"]
[WhiteElo "2087"]
[BlackElo "1957"]
[PlyCount "95"]
[EventDate "2021.06.05"]
[EventType "swiss (blitz)"]
[EventRounds "13"]
[EventCountry "GER"]
[SourceTitle "EXT 2023"]
[Source "ChessBase"]
[SourceDate "2022.10.05"]
[SourceVersion "1"]
[SourceVersionDate "2022.10.05"]
[SourceQuality "1"]

1. c4 Nf6 2. Nc3 c5 3. Nf3 b6 4. g3 Bb7 5. Bg2 g6 6. 0-0 Bg7 7. d4 cxd4 8. Qxd4 Nc6 9. Qd2 0-0 10. Rd1 d6 11. Nd4 Rc8 12. b3 a6 13. Nxc6 Bxc6 14. Bxc6 Rxc6 15. Bb2 Qc7 16. a4 Rc5 17. Rac1 Rc8 18. Ba3 Rc6 19. Nd5 Nxd5 20. cxd5 Rxc1 21. Rxc1 Qb7 22. e4 h5 23. Rc2 Rxc2 24. Qxc2 Kf8 25. Kf1 Ke8 26. Ke2 Bd4 27. f3 Kd7 28. Kd3 Bg1 29. h3 a5 30. g4 Bc5 31. Bc1 Qa6+ 32. Qc4 Qxc4+ 33. Kxc4 Kc7 34. Bd2 Kb7 35. Kb5 hxg4 36. fxg4 e6 37. dxe6 fxe6 38. h4 d5 39. exd5 exd5 40. h5 gxh5 41. gxh5 Bf8 42. Bc3 Bh6 43. Bd4 Bg5 44. Bxb6 Bd2 45. Bxa5 Be3 46. Bd8 d4 47. Kc4 Kc6 48. Bf6 1-0

[Event "GER-ch Net blitz sf"]
[Site "Playchess.com INT"]
[Date "2021.06.05"]
[Round "10"]
[White "Kull, Florian"]
[Black "Ritscher, Jan Paul"]
[Result "0-1"]
[WhiteElo "2087"]
[BlackElo "2057"]
[PlyCount "118"]
[EventDate "2021.06.05"]
[EventType "swiss (blitz)"]
[EventRounds "13"]
[EventCountry "GER"]
[SourceTitle "EXT 2023"]
[Source "ChessBase"]
[SourceDate "2022.10.05"]
[SourceVersion "1"]
[SourceVersionDate "2022.10.05"]
[SourceQuality "1"]

1. c4 e6 2. Nc3 d5 3. d4 f5 4. Nf3 Nf6 5. Bf4 c6 6. e3 Bd6 7. Bd3 0-0 8. 0-0 Ne4 9. c5 Bc7 10. Ne5 Nd7 11. Nxd7 Bxd7 12. Qc2 e5 13. Bxe5 Bxe5 14. dxe5 Qe7 15. Bxe4 fxe4 16. Ne2 Qxe5 17. Qc3 Qe7 18. b4 a6 19. a4 Rf6 20. Ng3 Raf8 21. Ra2 Qf7 22. Qe5 d4 23. Raa1 dxe3 24. fxe3 Re8 25. Rxf6 Rxe5 26. Rxf7 Kxf7 27. Rd1 Be6 28. Rd8 Bd5 29. Rd7+ Re7 30. Rxe7+ Kxe7 31. Nf5+ Kf6 32. Nd4 g6 33. Kf2 Bc4 34. Kg3 Ke5 35. Kg4 h6 36. h4 Bf7 37. Kg3 Be8 38. Kf2 Kd5 39. Ke2 Bd7 40. Kd2 Kc4 41. b5 axb5 42. axb5 cxb5 43. Ne2 Kxc5 44. Nc3 Bc6 45. Ne2 Bd7 46. Nf4 Bf5 47. Ne2 b4 48. Kc2 Kc4 49. Nd4 Bd7 50. Ne2 b3+ 51. Kb2 Bf5 52. Nf4 b6 53. g3 b5 54. Ne2 Kd3 55. Nd4 Kxe3 56. Nxb5 Be6 57. Nd6 Kf3 58. Kc3 e3 59. Nc4 e2 0-1

[Event "GER-ch Net blitz sf"]
[Site "Playchess.com INT"]
[Date "2021.06.05"]
[Round "1"]
[White "Reichmann, Hendrik"]
[Black "Kull, Florian"]
[Result "1-0"]
[WhiteElo "2365"]
[BlackElo "2087"]
[PlyCount "73"]
[EventDate "2021.06.05"]
[EventType "swiss (blitz)"]
[EventRounds "13"]
[EventCountry "GER"]
[SourceTitle "EXT 2023"]
[Source "ChessBase"]
[SourceDate "2022.10.05"]
[SourceVersion "1"]
[SourceVersionDate "2022.10.05"]
[SourceQuality "1"]

1. d4 Nf6 2. Bf4 d5 3. e3 c5 4. Nc3 Bf5 5. Nb5 Na6 6. c3 e6 7. a4 Be7 8. h3 0-0 9. Nf3 Ne4 10. Be2 cxd4 11. exd4 Nd6 12. 0-0 Nxb5 13. Bxb5 Nc7 14. Be2 Bd6 15. Bxd6 Qxd6 16. Re1 a6 17. Qb3 Rab8 18. Ne5 b5 19. axb5 axb5 20. Qb4 Qxb4 21. cxb4 Ra8 22. Nd7 Rfd8 23. Nc5 Rdb8 24. g4 Bg6 25. f3 h5 26. Kf2 hxg4 27. hxg4 Rxa1 28. Rxa1 Ne8 29. Nd7 Rd8 30. Bxb5 Nd6 31. Bc6 Nc4 32. b5 f6 33. b6 Be8 34. b7 Bxd7 35. Bxd7 Nb6 36. Bc8 Nxc8 37. b8Q 1-0

[Event "GER-ch Net blitz qual4"]
[Site "Playchess.com INT"]
[Date "2021.05.10"]
[Round "9"]
[White "Mueller, Sebastian1111"]
[Black "Kull, Florian"]
[Result "1-0"]
[WhiteElo "1788"]
[BlackElo "2056"]
[PlyCount "77"]
[EventDate "2021.05.10"]
[EventType "swiss (blitz)"]
[EventRounds "11"]
[EventCountry "GER"]
[SourceTitle "CBM 202 Extra"]
[Source "ChessBase"]
[SourceDate "2021.07.31"]
[SourceVersion "1"]
[SourceVersionDate "2021.07.31"]
[SourceQuality "1"]

1. d4 Nf6 2. c4 e6 3. Nc3 Bb4 4. e3 0-0 5. Bd3 c5 6. Nge2 d5 7. cxd5 Nxd5 8. 0-0 cxd4 9. exd4 Nc6 10. a3 Be7 11. Nxd5 Qxd5 12. Be3 b6 13. Rc1 Bb7 14. Nf4 Qd7 15. d5 exd5 16. Nxd5 Ne5 17. Be4 Bxd5 18. Qxd5 Qxd5 19. Bxd5 Rad8 20. Bb3 Bf6 21. Rc7 Rd7 22. Rxd7 Nxd7 23. Rc1 Bxb2 24. Rc7 Nc5 25. Bxc5 bxc5 26. Rxa7 Bd4 27. Kf1 g6 28. Bc4 Kg7 29. a4 Kf6 30. a5 h5 31. a6 Rb8 32. Rc7 Rb1+ 33. Ke2 Ra1 34. a7 Ke5 35. Rxf7 g5 36. Rd7 Ra4 37. Bd5 Ra5 38. a8Q Rxa8 39. Bxa8 1-0

[Event "GER Cup Net V3 U2400"]
[Site "Playchess.com INT"]
[Date "2020.05.27"]
[Round "2"]
[White "Kull, Florian"]
[Black "Von Herman, Brigitte"]
[Result "1-0"]
[WhiteElo "1935"]
[BlackElo "1746"]
[PlyCount "77"]
[EventDate "2020.05.27"]
[EventType "swiss (blitz)"]
[EventRounds "9"]
[EventCountry "GER"]
[SourceTitle "EXT 2021"]
[Source "ChessBase"]
[SourceDate "2020.10.23"]
[SourceVersion "1"]
[SourceVersionDate "2020.10.23"]
[SourceQuality "1"]

1. c4 e5 2. Nc3 Nf6 3. Nf3 Bb4 4. Nxe5 0-0 5. d4 d6 6. Nf3 Re8 7. e3 Bxc3+ 8. bxc3 b6 9. Be2 Nc6 10. 0-0 Ba6 11. Qa4 Na5 12. Nd2 c5 13. Qc2 Qe7 14. Bd3 Qe6 15. d5 Qe5 16. e4 Ng4 17. Nf3 Qh5 18. h3 Ne5 19. Nxe5 Rxe5 20. Bf4 Ree8 21. Bxd6 Bxc4 22. Bg3 Rad8 23. Rfe1 f6 24. Rad1 h6 25. Bxc4 Nxc4 26. Qe2 Qxe2 27. Rxe2 Ne5 28. Bxe5 Rxe5 29. f4 Ree8 30. e5 fxe5 31. fxe5 Kf7 32. c4 Ke7 33. Rf1 Rf8 34. Ref2 Rxf2 35. Rxf2 b5 36. e6 bxc4 37. Rf7+ Kd6 38. Kf2 Kxd5 39. Rd7+ 1-0

[Event "GER-ch Net Amateur Gr-A Vor3"]
[Site "Playchess.com INT"]
[Date "2020.04.16"]
[Round "8"]
[White "Bardorz, Jana"]
[Black "Kull, Florian"]
[Result "0-1"]
[WhiteElo "1746"]
[BlackElo "1792"]
[PlyCount "98"]
[EventDate "2020.04.16"]
[EventType "swiss (blitz)"]
[EventRounds "9"]
[EventCountry "GER"]
[SourceTitle "CBM 195 Extra"]
[Source "ChessBase"]
[SourceDate "2020.05.31"]
[SourceVersion "1"]
[SourceVersionDate "2020.05.31"]
[SourceQuality "1"]

1. e4 e6 2. d4 d5 3. e5 c5 4. c3 Nc6 5. Nf3 Bd7 6. Be2 Nge7 7. 0-0 cxd4 8. cxd4 Nf5 9. g4 Nh4 10. Nbd2 h5 11. g5 Nxf3+ 12. Nxf3 f6 13. g6 fxe5 14. Nxe5 Nxe5 15. dxe5 Bc5 16. Bxh5 Qh4 17. Qf3 0-0-0 18. Bf4 Rdf8 19. Rac1 Rxf4 20. Rxc5+ Kb8 21. Qg3 Rxh5 22. Qxh4 Rfxh4 23. Rfc1 Bc6 24. b4 Rxh2 25. b5 Rh1+ 26. Kg2 Rxc1 27. Rxc1 Bxb5 28. Kg3 Rxe5 29. Rh1 Rg5+ 30. Kf4 Rxg6 31. Ke5 Kc7 32. Rh7 Kd7 33. f4 Ke7 34. a3 Kf7 35. Rh8 Rf6 36. Rb8 Bd7 37. Rxb7 Rf5+ 38. Kd6 Rxf4 39. Rxd7+ Kf6 40. Rxa7 g5 41. Re7 Re4 42. Re8 g4 43. a4 g3 44. a5 Rg4 45. a6 g2 46. a7 g1Q 47. a8Q Qb6+ 48. Kd7 Rg7+ 49. Kc8 Qc7# 0-1

[Event "GER-ch Net Amateur Gr-A Vor3"]
[Site "Playchess.com INT"]
[Date "2020.04.16"]
[Round "1"]
[White "Cofman, Veaceslav"]
[Black "Kull, Florian"]
[Result "1-0"]
[WhiteElo "2143"]
[BlackElo "1855"]
[PlyCount "81"]
[EventDate "2020.04.16"]
[EventType "swiss (blitz)"]
[EventRounds "9"]
[EventCountry "GER"]
[SourceTitle "CBM 195 Extra"]
[Source "ChessBase"]
[SourceDate "2020.05.31"]
[SourceVersion "1"]
[SourceVersionDate "2020.05.31"]
[SourceQuality "1"]

1. d4 Nf6 2. Nc3 d5 3. Bg5 c5 4. e3 Nc6 5. Nf3 cxd4 6. Nxd4 e5 7. Nxc6 bxc6 8. Be2 Be7 9. 0-0 0-0 10. Bxf6 Bxf6 11. e4 d4 12. Nb1 Be6 13. Nd2 Rb8 14. b3 Be7 15. Bc4 Bd7 16. Bd3 Be6 17. Nc4 Bxc4 18. Bxc4 Kh8 19. Qh5 f6 20. f4 Qe8 21. Qh3 Qg6 22. Bd3 Bb4 23. Qe6 Qe8 24. Qc4 Bd2 25. fxe5 fxe5 26. Rxf8+ Qxf8 27. Rf1 Be3+ 28. Kh1 Qd6 29. Qf7 h6 30. g3 a5 31. a4 Rd8 32. Bc4 Qd7 33. Qxd7 Rxd7 34. Rf8+ Kh7 35. Bg8+ Kg6 36. Be6 Re7 37. Bf5+ Kg5 38. Kg2 Rc7 39. h4+ Kh5 40. Kh3 g5 41. g4# 1-0

[Event "GER-ch Net Amateur Gr-A Vor3"]
[Site "Playchess.com INT"]
[Date "2020.04.16"]
[Round "6"]
[White "Kull, Florian"]
[Black "Planatscher, Alois"]
[Result "1-0"]
[WhiteElo "1809"]
[BlackElo "1620"]
[PlyCount "83"]
[EventDate "2020.04.16"]
[EventType "swiss (blitz)"]
[EventRounds "9"]
[EventCountry "GER"]
[SourceTitle "CBM 195 Extra"]
[Source "ChessBase"]
[SourceDate "2020.05.31"]
[SourceVersion "1"]
[SourceVersionDate "2020.05.31"]
[SourceQuality "1"]

1. c4 e6 2. Nc3 d5 3. d4 c5 4. cxd5 exd5 5. Nf3 Nc6 6. g3 Nf6 7. Bg2 Be7 8. 0-0 0-0 9. Be3 Ng4 10. Bf4 Nf6 11. dxc5 Bxc5 12. Rc1 Be6 13. Ng5 Bd6 14. Nxe6 fxe6 15. Bh3 Re8 16. Bxd6 Qxd6 17. e4 a6 18. Bxe6+ Rxe6 19. exd5 Nxd5 20. Qxd5 Qxd5 21. Nxd5 Re2 22. Rb1 Rf8 23. Nf4 Rd2 24. Rfd1 Rfd8 25. Re1 Nd4 26. Kg2 Rf8 27. Red1 Rxd1 28. Rxd1 Nc6 29. Rd7 Ne5 30. Rxb7 g5 31. Ne6 Rf5 32. Rg7+ Kh8 33. Rxg5 Rxg5 34. Nxg5 Nd3 35. b3 Nc1 36. Ne4 Nxa2 37. Nc5 Nc1 38. b4 Na2 39. Nxa6 Kg7 40. b5 Nc3 41. b6 Nd5 42. b7 1-0

[Event "GER-ch Net Amateur Gr-A Vor3"]
[Site "Playchess.com INT"]
[Date "2020.04.16"]
[Round "3"]
[White "Kull, Florian"]
[Black "Promyshlyanskiy, Vitaliy"]
[Result "0-1"]
[WhiteElo "1856"]
[BlackElo "2043"]
[PlyCount "124"]
[EventDate "2020.04.16"]
[EventType "swiss (blitz)"]
[EventRounds "9"]
[EventCountry "GER"]
[SourceTitle "CBM 195 Extra"]
[Source "ChessBase"]
[SourceDate "2020.05.31"]
[SourceVersion "1"]
[SourceVersionDate "2020.05.31"]
[SourceQuality "1"]

1. c4 Nc6 2. Nc3 e5 3. Nf3 f5 4. d4 e4 5. Ne5 Bb4 6. Bf4 Qe7 7. e3 Bxc3+ 8. bxc3 Nd8 9. c5 Nf6 10. Bc4 d6 11. cxd6 cxd6 12. Bb5+ Kf8 13. Nc4 Nf7 14. 0-0 a6 15. Qa4 Nd5 16. Qa3 Nxf4 17. exf4 d5 18. Qxe7+ Kxe7 19. Nb6 Rb8 20. Ba4 Be6 21. Rfc1 Nd6 22. Bb3 Nc4 23. Bxc4 dxc4 24. d5 Bf7 25. Nxc4 Bxd5 26. Ne3 Be6 27. Rd1 Rbc8 28. Rac1 Rhd8 29. c4 g6 30. Rb1 Rxd1+ 31. Nxd1 Rxc4 32. Rxb7+ Kd6 33. Kf1 Rc1 34. Ke2 Rc2+ 35. Ke3 Rxa2 36. Nc3 Rc2 37. Ne2 Rc7 38. Rb6+ Rc6 39. Rb7 Bd7 40. Nd4 Rc3+ 41. Kd2 Rd3+ 42. Ke2 Rxd4 43. Rb6+ Bc6 44. Rxa6 Kc5 45. Ra7 Bb5+ 46. Ke1 Rd7 47. Ra8 Kb4 48. h3 Kc3 49. g4 Bc4 50. gxf5 Kc2 51. Ra1 gxf5 52. f3 e3 53. h4 h5 54. Rc1+ Kb3 55. Rb1+ Kc3 56. Rc1+ Kb4 57. Rb1+ Kc5 58. Rb5+ Kd4 59. Rxf5 e2 60. Re5 Kc3 61. Rxh5 Rd1+ 62. Kf2 e1Q+ 0-1

[Event "GER-ch Net blitz qual4"]
[Site "Playchess.com INT"]
[Date "2020.03.23"]
[Round "3"]
[White "Riesner, Daniel"]
[Black "Kull, Florian"]
[Result "1/2-1/2"]
[WhiteElo "1967"]
[BlackElo "2134"]
[PlyCount "93"]
[EventDate "2020.03.23"]
[EventType "swiss (blitz)"]
[EventRounds "9"]
[EventCountry "GER"]
[SourceTitle "CBM 195 Extra"]
[Source "ChessBase"]
[SourceDate "2020.05.31"]
[SourceVersion "1"]
[SourceVersionDate "2020.05.31"]
[SourceQuality "1"]

1. d4 Nf6 2. c4 e6 3. g3 d5 4. Nf3 Be7 5. Bg2 0-0 6. 0-0 dxc4 7. Qc2 a6 8. a4 Bd7 9. Qxc4 Bc6 10. Bf4 Bd6 11. Qc1 Nbd7 12. Nc3 Nb6 13. a5 Nbd5 14. Bg5 h6 15. Bh4 Be7 16. Bxf6 Bxf6 17. e3 Re8 18. Ne4 Be7 19. Nc5 Bxc5 20. Qxc5 Qd6 21. Rfc1 Qxc5 22. Rxc5 Nb4 23. Ra3 b6 24. Rc4 bxa5 25. Rxa5 Rab8 26. Ne5 Bxg2 27. Kxg2 Nd5 28. Rc2 Rb3 29. Nc6 Ra8 30. h4 Nb4 31. Nxb4 Rxb4 32. Rxc7 Rxb2 33. Rac5 a5 34. Rc8+ Rxc8 35. Rxc8+ Kh7 36. Ra8 Ra2 37. Kf3 Kg6 38. Ra6 a4 39. d5 Kf6 40. d6 Rd2 41. e4 e5 42. Ke3 Rd4 43. f4 Rd1 44. d7+ Ke7 45. Rxa4 exf4+ 46. Kxf4 Rxd7 47. Ra6 1/2-1/2

[Event "GER-ch Net blitz qual4"]
[Site "Playchess.com INT"]
[Date "2020.03.23"]
[Round "8"]
[White "Woelk, Tom Frederic"]
[Black "Kull, Florian"]
[Result "1-0"]
[WhiteElo "2163"]
[BlackElo "2134"]
[PlyCount "111"]
[EventDate "2020.03.23"]
[EventType "swiss (blitz)"]
[EventRounds "9"]
[EventCountry "GER"]
[SourceTitle "CBM 195 Extra"]
[Source "ChessBase"]
[SourceDate "2020.05.31"]
[SourceVersion "1"]
[SourceVersionDate "2020.05.31"]
[SourceQuality "1"]

1. d4 Nf6 2. c4 e6 3. Nc3 Bb4 4. f3 d5 5. a3 Be7 6. e4 dxe4 7. fxe4 c5 8. d5 exd5 9. exd5 Bg4 10. Be2 Bxe2 11. Qxe2 0-0 12. Nf3 Re8 13. 0-0 Bd6 14. Qd3 a6 15. Bg5 Nbd7 16. Rae1 Qc7 17. Ne4 Nxe4 18. Rxe4 Ne5 19. Nxe5 Bxe5 20. Bf4 Bxf4 21. Rexf4 f6 22. d6 Qf7 23. Rf5 b6 24. d7 Red8 25. Rd5 Ra7 26. Rd1 g6 27. Rd6 Kg7 28. Qh3 Qe7 29. Qd3 Rb7 30. Qd5 Rc7 31. Re6 Qxd7 32. Rxb6 Qxd5 33. cxd5 Rcd7 34. d6 a5 35. Rc6 Kf7 36. Rxc5 Rxd6 37. Rc7+ Ke6 38. Re1+ Kf5 39. Rxh7 Rd2 40. Rf1+ Kg5 41. h4+ Kg4 42. Rxf6 Rxb2 43. Rxg6+ Kf5 44. Rg5+ Kf6 45. Rxa5 Rdd2 46. Rg5 Ra2 47. Rg3 Kf5 48. Kh2 Kf4 49. h5 Rd5 50. Rf7+ Ke5 51. Rh3 Ke6 52. Rg7 Kf6 53. h6 Ra1 54. h7 Kxg7 55. h8Q+ Kg6 56. Qg8+ 1-0